| 000 | 00743cam a2200241 4500 | ||
|---|---|---|---|
| 008 | 090401t1999 xxu||||| |||| 00| 0 eng d | ||
| 020 | _a1860812643 | ||
| 035 | _a(Sirsi) u92047 | ||
| 041 | _aeng | ||
| 050 | _a690 | ||
| 110 | _aBuilding Research Establishment | ||
| 245 | _aRemoving internal loadbearing walls in older dwellings. | ||
| 250 | _aRev. ed. | ||
| 260 |
_aLondon _bConstruction Research Communications Ltd _c1999 |
||
| 300 | _a8p. : ill. ; 30cm. | ||
| 350 | _a0 | ||
| 490 |
_aGood Building Guide _v20 |
||
| 650 | _aBUILT ENVIRONMENT-BUILDING ELEMENTS-COMPLETE BUILDING ELEMENTS-WALLS-INTERNAL WALLS AND PARTITIONS | ||
| 650 | _aLOADBEARING WALLS | ||
| 690 | _aBUILT ENVIRONMENT | ||
| 942 | _n0 | ||
| 948 | _c15/03/1999 | ||
| 999 |
_c97709 _d97709 |
||